| 000 | 00903cam a22002413a 4500 | ||
|---|---|---|---|
| 001 | 17504 | ||
| 003 | PGUSA | ||
| 005 | 20140828083355.0 | ||
| 008 | 060112s2006||||xxu|||||s|||||000 | eng d | ||
| 040 |
_aPGUSA _beng |
||
| 042 | _adc | ||
| 050 | 4 | _aPS | |
| 100 | 1 |
_aHubbard, Elbert, _d1856-1915 |
|
| 245 | 1 | 4 |
_aThe Mintage : _bBeing Ten Stories and One More _h[electronic resource] / _cElbert Hubbard |
| 260 |
_bProject Gutenberg, _c2006 |
||
| 505 | 0 | _aFive babies -- To the west -- Simeon Stylites the Syrian -- Battle of the Little Big Horn -- Sam -- Cleopatra and Cæsar -- A special occasion -- Uncle Joe and Aunt Melinda -- Billy and the book -- John the Baptist and Salome -- The master. | |
| 506 | _aPublic domain in the USA. | ||
| 516 | _aElectronic text | ||
| 653 | _aShort stories | ||
| 830 | 0 |
_aProject Gutenberg _v17504 |
|
| 856 | 4 | 0 | _uhttp://www.gutenberg.org/ebooks/17504 |
| 942 | _cEB | ||
| 999 |
_c246759 _d246759 |
||